000 01699nam a22003137a 4500
003 NALT
005 20251212143105.0
008 200914b th ||||| |||| 00| 0 tha d
020 _a9786164760615
040 _aNALT
050 _aJS 7153.4.A1
_bพ791ด 2562
100 0 _aพีรดร แก้วลาย
_947219
245 1 0 _aDesign Thinking กระบวนการคิดเชิงออกแบบเพื่อการพัฒนาท้องถิ่น /
_cพีรดร แก้วลาย, ขวัญ พงษ์หาญยุทธ.
_h[electronic resource]
250 _aพิมพ์ครั้งที่ 1.
260 _aกรุงเทพฯ :
_bสถาบันพระปกเกล้า,
_c2562.
300 _a137 หน้า :
_bภาพประกอบ ;
_c21 ซม.
300 _aOnline resource
500 _aเอกสารวิชาการ ลำดับที่ 125
650 4 _aการปกครองท้องถิ่น
_zไทย
_910152
650 4 _aความคิดและการคิด
_95844
650 4 _926023
_aการพัฒนาชุมชน
_zไทย
650 4 _aการออกแบบ
_xแง่สังคม
_931457
700 0 _aขวัญ พงษ์หาญยุทธ.
_947325
710 2 _aสถาบันพระปกเกล้า.
_bวิทยาลัยพัฒนาการปกครองท้องถิ่น
_918058
850 _aNALT
856 4 0 _uhttps://ebook.parliament.go.th/ebookall/detail/438315
_yE-Book
942 _cGB
_2lcc
999 _c97553
_d97553
998 _j1020
_k นางจำเรียง ระวังสำโรง